000
00224nam a22000857a 4500
008
170228b xxu||||| |||| 00| 0 eng d
100
_9
2966
_a
Goel.D.K et al
245
_a
Financial Statments XII
260
_a
New Delhi
_b
S.Chand
_c
2012
999
_c
6210
_d
6210